Statistics for 15 Driest States in the U.S.

Click here to take the quiz!

General Stats

  • This quiz has been taken 159 times
  • The average score is 14 of 15

Answer Stats

#AnswerAverage Precipitation Yearly% Correct
2Arizona11.80 inches
99%
10California22.02 inches
98%
4New Mexico14.24 inches
98%
7Idaho16.91 inches
96%
1Nevada9.46 inches
96%
11Texas22.97 inches
96%
3Wyoming13.23 inches
96%
8Colorado16.98 inches
95%
6Utah15.79 inches
95%
15Kansas32.43 inches
93%
5Montana14.92 inches
92%
9North Dakota18.59 inches
91%
14Oklahoma29.03 inches
91%
12South Dakota26.66 inches
91%
13Alaska28.61 inches
77%

Score Distribution

Percentile by Number Answered

Percent of People with Each Score

Your Score History

You have not taken this quiz